| 000 | 00596nam a22002052 4500 | ||
|---|---|---|---|
| 001 | 0000007088 | ||
| 005 | 20151217152022.0 | ||
| 008 | 071112s xx 000 0 eng d | ||
| 020 |
_a159452041 : _cKES 190 |
||
| 040 |
_aKABU _cKABU |
||
| 100 | 1 |
_aEvans, Tony. _@0000158133 |
|
| 245 | 1 | 0 |
_aTony Evans speaks out on a man's role in the home / _cTony Evans. |
| 260 |
_aChicago : _bMoody Publishers, _c2002. |
||
| 300 | _a55 p. | ||
| 650 | 0 |
_aFathers (family) _@0000158134 |
|
| 650 | 0 |
_aMen (family) _@0000158135 |
|
| 908 | _a071112 | ||
| 950 | _@1 | ||
| 999 |
_c7386 _d7386 |
||